Gouverner Haïti : la consolidation de l'État et le développement démocratique /

Saved in:
Bibliographic Details
Corporate Author: Canadian Foundation for the Americas.
Other Authors: Berthiaume, Denis, 1969-
Format: Book
Language:French
Published: Ottawa : FOCAL, c1997.
Subjects:
Tags: Add Tag
No Tags, Be the first to tag this record!
LEADER 01043pam a2200325 a 4500
001 007701575-4
005 20020606104010.5
008 970707s1997 onc 000 0 fre d
010 |a cn 97900785  
015 |a C97-900785-2 
020 |a 1896301185 :  |c 15,00 $ 
035 0 |a ocm37492144 
040 |a NLC  |b fre  |c NLC  |d HLS 
043 |a nwht---  |a n-cn--- 
055 3 |a JL1090  |b G68 1997 
055 0 1 |a JL1090 
055 0 0 |a JL1090  |b G68 1997 fol. 
082 0 |a 320.97294  |2 21 
245 0 0 |a Gouverner Haïti :  |b la consolidation de l'État et le développement démocratique /  |c sous la direction de Denis Berthiaume. 
260 |a Ottawa :  |b FOCAL,  |c c1997. 
300 |a x, 67 p. ;  |c 27 cm. 
650 0 |a Democracy  |z Haiti. 
650 0 |a Economic assistance  |z Haiti. 
650 0 |a Economic assistance, Canadian  |z Haiti. 
651 0 |a Haiti  |x Politics and government  |y 1986- 
651 0 |a Haiti  |x Economic conditions  |y 1971- 
700 1 |a Berthiaume, Denis,  |d 1969- 
710 2 |a Canadian Foundation for the Americas. 
988 |a 20020608 
906 |0 OCLC